02663nkc a2200373za 450000100060000000300040000600500170001000700070002700800410003404000240007510000410009924500600014026000240020030001000022450002840032450001930060850000650080150001340086650001700100050400520117050500530122251001510127551002100142656101300163661000600176665100260182665500400185270000600189285200120195285601500196494200250211495201330213999900170227284632OSt20260323123648.0kh boc250410s19101911sp ||||| ||||||0| i|spa d aM-RABAbspacM-RABA1 aElorza, Lorenzod(1861-1931)911106810aMaestub: Puerta de Nuestra Señora del Campoc/ L. E. c[ca. 1910 – 1911] a1 fotografía b: gelatina de plata c; imagen 12 x 17 cmc; soporte secundario 21,5 x 26,5 cm aVista de la portada de la ermita de la Virgen del Campo en Maestu, que presenta arco apuntado con cuatro arquivoltas baquetonadas que descansan en capiteles decorados con motivos geométricos. El tejaroz que lo corona tiene canecillos labrados con variado repertorio decorativo. aFotografía montada sobre soporte secundario de cartulina azul enmarcada con orla en relieve. Título y numeración manuscrita que hace referencia a la posición en la serie “116”. aSello con monograma del fotógrafo en tinta roja “L.E.” aFechas tomadas de la ejecución del positivo de las fotografías, incluido el soporte secundario. (Soto Madrazo, Javier. 2008). aForma parte de un conjunto de 167 fotografías empleadas por Federico Baráibar Zumárraga para la elaboración del Inventario del Románico en Álava (1911).  aBaraibar, F.: "Rincones artísticos", M. 1914. aMaestu.- Puerta de Ntra. Sra. del Campo. / L. E. aDescripción tomada de: Soto Madrazo, Javier (2008). Federico Baraibar y el Inventario del Románico en Álava: una caja con 167 fotografías. aEsta colección fue utilizada posteriormente por Cristóbal de Castro para la elaboración y publicación del "Catálogo Monumental de España: provincia de Álava", Madrid, S. de Rivadeneira, 1915. aDonadas junto con la memoria manuscrita a la Academia por el mismo Baraibar (Sesión 12 de febrero de 1912, Archivo: 4-32-1)27aErmita de Nuestra Señora del Campo (Maestu)29111639 7aÁlava2embne975661 0aFotografías de monumentos91115801 aBaráibar y Zumárraga, Federico d(1851-1918)912926 jFot-225 3Fot-225uhttps://archivoybiblioteca.realacademiabellasartessanfernando.com/cgi-bin/koha/opac-retrieve-file.pl?id=88ffaaa8b2fb023c6bba174a2f38a996 2ddccFOTOGRAFÍAn0 00102ddc40708FOTOGRAFIAaRABASFbRABASFcDP2d2025-04-30l0oFot-225p1095518r2025-04-30 09:54:31w2025-04-30yFOTOGRAFÍA c84632d84632